Readings Social Theory. (Record no. 6123)

MARC details
005 - DATE AND TIME OF LATEST TRANSACTION
control field 20250628165021.0
020 ## - INTERNATIONAL STANDARD BOOK NUMBER
International Standard Book Number -13: 978-0-07-282577-0
082 ## - DEWEY DECIMAL CLASSIFICATION NUMBER
Classification number 301.01 FAR
100 ## - MAIN ENTRY--PERSONAL NAME
Author name FARGANIS, J.
245 ## - TITLE STATEMENT
Title Readings Social Theory.
250 ## - EDITION STATEMENT
Edition statement 4th Ed.
260 ## - PUBLICATION, DISTRIBUTION, ETC.
Place of publication, distribution, etc. New York,
Name of publisher, distributor, etc. Mc Graw-Hill Irwin,
Date of publication, distribution, etc. 2004.
300 ## - PHYSICAL DESCRIPTION
Extent xii, 450p.:
Dimensions 23cm
942 ## - ADDED ENTRY ELEMENTS (KOHA)
Source of classification or shelving scheme Dewey Decimal Classification
Koha item type Books
Holdings
Date last seen Total checkouts Full call number Barcode Cost, replacement price Price effective from Koha item type Lost status Source of classification or shelving scheme Damaged status Not for loan Withdrawn status Home library Current library Shelving location Date acquired Cost, normal purchase price
06/28/2025   301.01 FAR DOM0003487 120000.00 06/28/2025 Books   Dewey Decimal Classification       CBE Dodoma CBE Dodoma General Collection 03/26/2009 40000.00
07/01/2025   303.44 PAR DOM0003502 75000.00 07/01/2025 Books   Dewey Decimal Classification       CBE Dodoma CBE Dodoma General Collection 06/21/1971 25000.00